000 00349nam a2200145Ia 4500
005 20250703022619.0
008 240331s9999 xx 000 0 und d
082 _bMAY
_a9552035023
100 _aMayadunne,S
245 0 _aGiniporanu
260 _aColombo
_bS. Godage & Brothers
_c1999
300 _a142 p .,
650 _aSinhala Fiction
942 _cL
999 _c5303
_d5303